000 00373nam a2200133Ia 4500
005 20260328104251.0
008 260328s9999||||xx |||||||||||||| ||und||
100 _aFairs, Marcus
245 0 _a21st Century Design :
_b New Design Icons from Mass Market to Avant-garde /
_cMarcus Fairs
260 _bCarlton
300 _a463 p.
650 _aDISEÑO INDUSTRIAL
942 _cBK
999 _c10253
_d10253